The wave equation on a curved space-time /
Guardado en:
| Autor Principal: | |
|---|---|
| Formato: | Libro |
| Idioma: | English |
| Publicado: |
Cambridge :
Cambridge University Press,
1975.
|
| Series: | Cambridge monographs on mathematical physics ;
2 |
| Materias: | |
| Etiquetas: |
Agregar Etiqueta
Sin Etiquetas, Sea el primero en etiquetar este registro!
|
| LEADER | 01044cam a2200253 a 4500 | ||
|---|---|---|---|
| 001 | MAT.inmabb002716 | ||
| 008 | 750725s1975####enka#####b####001#0#eng## | ||
| 005 | 20130315112653.0 | ||
| 245 | 1 | 4 | |a The wave equation on a curved space-time / |c F. G. Friedlander. |
| 260 | |a Cambridge : |b Cambridge University Press, |c 1975. | ||
| 300 | |a ix, 282 p. : |b il. ; |c 24 cm. | ||
| 440 | 0 | |a Cambridge monographs on mathematical physics ; |v 2 | |
| 504 | |a Bibliografía: p. 273-275. | ||
| 505 | 0 | |a 1. Differential geometry -- 2. Distribution theory -- 3. Characteristics and the propagation of discontinuities -- 4. Fundamental solutions -- 5. Representation theorems -- 6. Wave equations on n-dimensional space-times. | |
| 510 | 4 | |a MR, |c 57 #889 | |
| 020 | |a 0521205670 | ||
| 100 | 1 | |a Friedlander, F. G. |q (Friedrich Gerard), |d 1917- | |
| 650 | 0 | |a Space and time. | |
| 650 | 0 | |a Wave equation. | |
| 650 | 0 | |a Relativity (Physics) | |
| 084 | |a 35L05 (46Fxx 58Jxx) |2 msc2000 | ||
| 010 | |a 74014435 | ||
| 040 | |a DLC |c DLC |d DLC | ||
| 859 | |h 35 |i F9115 |p A-5172 |b BIB. MATEMATICA | ||
